O sebevýchově

Bibliographic Details
Main Author: Blížkovský, Bohumír, 1929-2014 (Author)
Format: Article
Language:Slovak
Czech
Subjects:

MARC

LEADER 00000nab a2200000 a 4500
001 vtls000021651
003 SK-MaSNL
005 20260304063412.0
008 250422c19781979xo 0 slo
015 |a SNBRB19rr/mm-uuuuu 
035 |a CL0031745 
035 |a urn:nbn:sk:snk-abcyna 
035 |a (urnnbn)urn:nbn:sk:snk:ar-007gk7 
035 |a (uuid)1a98f415-213d-4897-bdea-79c97abb8cc6 
040 |a SNKBUCL  |b slo  |c SNKBUCL  |e AACR2 
041 0 |a cze 
044 |a xo  |c SK 
080 |a 37.01  |2 1981 
100 1 |a Blížkovský, Bohumír,  |d 1929-2014  |4 aut  |9 160742 
245 1 0 |a O sebevýchově  |c B. Blížkovský 
650 0 7 |a sebavýchova  |2 snkbucl  |9 4290 
650 0 7 |a sebavzdelávanie  |2 snkbucl  |9 58295 
655 7 |a články z novín a časopisov  |2 snkbucl  |9 267496 
773 0 |t Vychovávateľ  |g Roč. 23, č. 6 (1978/1979), s. 170-171 
850 |a Slovenská národná knižnica 
852 |a Slovenská národná knižnica 
958 |a article17 
958 |a OND 
958 |a RK 
958 |a CZ 
958 |a EUIPO 
992 |a RBX 
999 |c 2742421  |d 2744351